| 000 | 00687nam a2200241Ia 4500 | ||
|---|---|---|---|
| 003 | OSt | ||
| 005 | 20220925183822.0 | ||
| 006 | a|||||r|||| 00| 0 | ||
| 007 | ta | ||
| 008 | 220923b |||||||| |||| 00| 0 eng d | ||
| 037 | _cGeneral Book | ||
| 040 |
_aRTL _cRTL _beng |
||
| 041 |
_2eng _aeng |
||
| 082 | _aX95:9:(T).2r, N1/GD | ||
| 110 |
_aIndia, Labour (M/O-) _9258358 |
||
| 245 | 0 | _aOccupational educational pattern of employees in India | |
| 260 |
_aDelhi _bM O P _c1991 |
||
| 300 |
_a70p. _ccm. |
||
| 650 |
_aPrivate Sector _9251337 |
||
| 700 |
_aIndia, Labour (M/O-) _9258359 |
||
| 942 |
_hX95:9:(T).2r, N1/GD _cGB _2CC |
||
| 999 |
_c505924 _d505924 |
||